| 000 | 005280000a22001570004500 | ||
|---|---|---|---|
| 003 | MACL | ||
| 005 | 20170810124501.0 | ||
| 008 | 170810b xxu||||| |||| 00| 0 eng d | ||
| 040 | _cmacl | ||
| 100 |
_aशास्त्री,चन्द्र शेखर _968606 |
||
| 245 | _aपुराणो की अनमोल कहानियॉ | ||
| 260 |
_bआरोग्य निधि _c2001 _aदिल्ली |
||
| 350 | _a250 | ||
| 650 |
_a कहानियॉ _968607 |
||
| 942 |
_cHIN _k800/SHA/S _2ddc |
||
| 999 |
_c10261 _d10261 |
||